|
|
|
|
| LEADER |
00000nam a22000007a 4500 |
| 005 |
20210226210542.0 |
| 007 |
cr|||| |||| |
| 008 |
210226s2016 us |||||s|||| 00||0 eng d |
| 020 |
|
|
|a 978-1-63425-139-6
|
| 035 |
|
|
|a 32415
|
| 040 |
|
|
|a vLex
|
| 090 |
|
|
|c 11296
|d 11296
|
| 100 |
1 |
|
|a Woodcock, Katherine H.
|
| 245 |
1 |
0 |
|a Navigating EU Privacy and Data Protection Laws
|h [Recurso electrn̤ico] /
|c Katherine H. Woodcock, W. Gregory Voss
|
| 256 |
|
|
|a Servicio en ln̕ea
|
| 260 |
|
|
|a Chicago:
|b American Bar Association,
|c 2016
|
| 300 |
|
|
|a 1 recurso electrn̤ico
|
| 506 |
1 |
|
|a Disponible solo en los productos indicados
|d vLex Global
|d vLex Global (Academic Edition, excluding Law Schools)
|d vLex Global (Academic Edition, Law Schools)
|
| 650 |
0 |
4 |
|a Derecho Internacional
|z Estados Unidos
|
| 650 |
0 |
4 |
|a Derecho Comunitario
|z Estados Unidos
|
| 700 |
1 |
|
|a Voss, W. Gregory
|
| 740 |
0 |
|
|a vLex Libros (Servicio en ln̕ea)
|
| 856 |
4 |
0 |
|u http://vlex.com/source/navigating-eu-privacy-data-protection-laws-32415
|z Acceso restringido
|
| 942 |
|
|
|c BOOK
|
| 999 |
0 |
|
|a International Law
|
| 999 |
0 |
|
|a Community Law
|